Warm-up session (Record no. 80604)

MARC details
000 -LEADER
fixed length control field 00855cab a22001815a 4500
001 - CONTROL NUMBER
control field L144823
008 - FIXED-LENGTH DATA ELEMENTS--GENERAL INFORMATION
fixed length control field 080812s2008 xxkod f 000 0 eng d
035 ## - SYSTEM CONTROL NUMBER
System control number (Sirsi) u144823
041 0# - LANGUAGE CODE
Language code of text/sound track or separate title eng
100 1# - MAIN ENTRY--PERSONAL NAME
Personal name Krawecki, Andrzej
245 00 - TITLE STATEMENT
Title Warm-up session
260 ## - PUBLICATION, DISTRIBUTION, ETC.
Date of publication, distribution, etc. 2008
490 ## - SERIES STATEMENT
Series statement Building Services Journal
Volume/sequential designation June 2008, 57-60(4)
520 ## - SUMMARY, ETC.
Summary, etc. Article discusses what is the most efficient method to heat the large spaces of sports halls, often over extended periods and for greatly differing uses. Refers to guidance on temperature; ventilation; noise and lighting and includes some of the equations for calculating these aspects of the design. Various heating systems are covered in brief, including fan convectors; underfloor heating and others.
651 #4 - SUBJECT ADDED ENTRY--GEOGRAPHIC NAME
Geographic name United Kingdom
Chronological subdivision
690 ## - LOCAL SUBJECT ADDED ENTRY--TOPICAL TERM (OCLC, RLIN)
Topical term or geographic name as entry element BUILT ENVIRONMENT-CONSTRUCTION DESIGN
942 ## - ADDED ENTRY ELEMENTS (KOHA)
Suppress in OPAC 0
Holdings
Withdrawn status Lost status Source of classification or shelving scheme Damaged status Not for loan Home library Current library Shelving location Date acquired Total Checkouts Full call number Barcode Date last seen Copy number Price effective from Koha item type
    Dewey Decimal Classification     London London Journal article 12/08/2008   L144823 144823-1001 06/08/2019 1 06/08/2019 Journal article